000 00462cam a2200181ua 4500
020 _c10.00
041 _aeng
_h
082 _a621.2
_bSIN/SO
100 _aSinghal, A K .
245 _aSolved problems on hydraulics and hydraulic machines /
_cA K Singhal.
_hTextual Documents
250 _a1 /
_b.
260 _aAllahabad :
_bSaroj Prakashan ,
_c1984.
300 _a222 ; .
365 _a10.00
504 _a
942 _cBK
999 _c11027
_d11027